000 00334nam a2200145Ia 4500
005 20251222152015.0
008 251222s9999||||xx |||||||||||||| ||spa||
020 _a8445072420
082 _a813.54/D73
100 _aDick, Philip K.
245 0 _aEl hombre en el Castillo
250 _a1ra.ed.
264 _bMinotauro
942 _cLIB
999 _c25045
_d25045